000 00515cam a22002051 4500
001 4532472
005 20180301042306.0
008 840830s1964 enk b 000 0 eng
010 _a 65009212
040 _aDLC/ICU
_cICU
_dDLC
041 _aeng
080 _a941
082 _2941 KEA
100 1 _a16
101 _aHIS
245 1 0 _aOrigins of the scientific revolution
_c[by] Hugh Kearney.
504 _aBibliography: p. 156.
906 _a7
_bcbc
_corignew
_du
_eocip
_f19
_gy-gencatlg
942 _2ddc
_cBK
999 _c43788
_d43788